Clubs | Player name |
Haka, HJK | Valeri Popovits | | 83.3% | MYPA | Saku Puhakainen | | 78% | TamU, HJK | Antti Pohja | | 73.5% | TamU | Jari Niemi | | 71.2% | MYPA | Toni Huttunen | | 68.9% | TamU | Mikko Kaven | | 67.4% | HJK, FC Lahti | Rafael | | 63.6% | KuPS, Jaro, KooTeePee | Ilja Venäläinen | | 62.9% | MYPA, HJK | Tuomas Aho | | 62.1% | TamU, Jaro | Heikki Aho | | 62.1% | FC Inter, Allianssi, TamU, HJK | Mathias Lindström | | 59.1% | HJK, FC Lahti, RoPS | Ville Wallen | | 59.1% | MYPA | Jukka Lindström | | 57.6% | FC Inter, KuPS | Miikka Ilo | | 57.6% | TamU | Sakari Saarinen | | 56.8% | FC Lahti, TPS, MYPA, Jaro | Mikko Hyyrynen | | 56.8% | FC Inter | Henri Lehtonen | | 53.8% | FC Inter, KooTeePee, RoPS | Petri Lehtonen | | 52.3% | Kotkan TP, KuPS, KooTeePee | Lassi Lehtonen | | 52.3% | FC Lahti, MYPA, VPS, KuPS | Tero Taipale | | 51.5% | HJK, Jaro | Aleksei Eremenko | | 51.5% | Haka, HJK, TamU, TPS | Iiro Aalto | | 49.2% | HJK | Juho Mäkelä | | 48.5% | Haka | Toni Lehtinen | | 47.7% | TamU, Allianssi, FC Oulu | Ville Lehtinen | | 47.7% | Haka | MIkko Innanen | | 47% | VPS, Allianssi | Henri Sillanpää | | 47% | Haka, TPS | Mikko Manninen | | 44.7% | Jazz, Jokerit | Rami Nieminen | | 43.9% | Haka | Juuso Kangaskorpi | | 43.2% | FC Lahti | Jarkko Koskinen | | 42.4% | HJK, Kotkan TP, Atlantis, Hämeenlinna, Jazz, Jaro | Piracaia | | 41.7% | HJK, Honka | Rami Hakanpää | | 40.9% | Jazz, Allianssi, Honka, HJK | Hermanni Vuorinen | | 40.9% | MYPA, Haka | Janne Korhonen | | 40.2% | HJK, FC Lahti | Mika Kottila | | 40.2% | RoPS | Zeddy Saileti | | 39.4% | HJK, TamU | Vili Savolainen | | 37.9% | HJK | Ville Nylund | | 37.9% | KooTeePee, Hämeenlinna, Allianssi, TamU | Juska Savolainen | | 37.9% | Haka | Jarkko Okkonen | | 36.4% | FC Lahti, TPS | Jarno Heinikangas | | 36.4% | MYPA | Antti Okkonen | | 36.4% | FC Inter, TamU | Tomi Petrescu | | 35.6% | Jokerit, Atlantis, Allianssi | Rami Rantanen | | 34.8% | FC Inter | Magnus Bahne | | 34.1% | Atlantis, Allianssi, KooTeePee, Jaro, TPS | Mikko Paatelainen | | 34.1% | FC Lahti, HJK | Mikko Hauhia | | 34.1% |
|
Clubs | Player name |
Haka, HJK | Andras Vilnrotter | | 34.1% | Jazz, FC Inter | Vesa Rantanen | | 34.1% | HJK | Sebastian Sorsa | | 34.1% | IFK Mariehamn, VPS | Jani Lyyski | | 34.1% | FC Inter, TamU, TPS | Aristides Pertot | | 33.3% | FC Lahti, MYPA, HJK | Tuomas Haapala | | 33.3% | VPS, FC Lahti | Tommi Kautonen | | 33.3% | FC Inter | Ari Nyman | | 32.6% | MYPA | Marco Manso | | 31.8% | TamU, TPS | Jussi Kujala | | 31.8% | FC Inter, HJK | Joakim Jensen | | 31.1% | Kotkan TP, KooTeePee | Kim Liljeqvist | | 31.1% | Haka | Lasse Karjalainen | | 30.3% | TamU, KuPS, Haka | Antti Hynynen | | 30.3% | HJK, Jokerit, Jaro, Honka | Vesa Vasara | | 30.3% | Jazz, Haka | Juha Pasoja | | 28.8% | Jokerit, MYPA, Haka | Sami Ristilä | | 28% | Atlantis, Allianssi, MYPA | Adriano | | 28% | Jokerit, TamU, Honka, VPS | Tero Koskela | | 27.3% | HJK | Toni Kallio | | 27.3% | FC Lahti, KooTeePee, KuPS | Jussi Kinnaslampi | | 27.3% | VPS, TP-47, KooTeePee, Honka | Janne Henriksson | | 26.5% | FC Lahti, TamU | Toni Järvinen | | 25.8% | Kotkan TP, KooTeePee | Vesa Helenius | | 25.8% | Haka | Jarno Mattila | | 25.8% | FC Lahti, MYPA | Niki Helenius | | 25% | HJK | Aarno Turpeinen | | 25% | Haka, KuPS | Harri Ylönen | | 25% | VPS, HJK, FC Lahti, JJK | Christian Sund | | 24.2% | TamU | Jussi Kuoppala | | 23.5% | Jokerit, FC Lahti, Allianssi, HJK | Timo Marjamaa | | 23.5% | TamU | Antti Ojanperä | | 23.5% | KuPS, Allianssi | Peter Sampo | | 23.5% | KuPS, FC Lahti, HJK | Pyry Kärkkäinen | | 23.5% | FC Lahti, MYPA, KuPS | Tuomas Kuparinen | | 22.7% | FC Lahti, Hämeenlinna, Jokerit, KooTeePee, JJK | Anssi Viren | | 22.7% | MYPA | Sampsa Timoska | | 22% | FC Lahti, Jokerit, Allianssi | Heikki Haara | | 22% | TP-47, FC Lahti, VPS | Pekka Kainu | | 22% | HJK, RoPS, Jaro, AC Oulu | Jani Viander | | 22% | FC Inter | Richard Teberio | | 22% | VPS, TamU | Henri Scheweleff | | 21.2% | MYPA | Mika Hernesniemi | | 21.2% | TamU | Janne Räsänen | | 20.5% | Hämeenlinna, KooTeePee, FC Lahti | Jukka Vanninen | | 18.9% | Haka, HJK | Cheyne Fowler | | 18.9% | Jokerit, MYPA, KooTeePee | Tero Karhu | | 18.9% | FC Inter, IFK Mariehamn | Mika Niskala | | 18.2% |
|
Clubs | Player name |
KuPS, Haka | Pietari Holopainen | | 17.4% | FC Lahti | Kari Arkivuo | | 17.4% | Atlantis, Allianssi, Jaro, Honka | John Weckström | | 16.7% | MYPA, HJK | Miikka Multaharju | | 16.7% | FC Lahti | Jonne Kemppinen | | 16.7% | VPS, Häneenlinna, HJK | Jukka Sauso | | 16.7% | Jokerit, Atlantis, Allianssi, KooTeePee, MYPA | Jarno Tuunainen | | 15.9% | FC Inter, Haka | Diego Corpache | | 15.9% | KuPS, Haka | Kalle Parviainen | | 15.9% | HJK, Honka | Hannu Haarala | | 15.9% | TamU, AC Oulu | Petri Heinänen | | 15.9% | FC Inter, IFK Mariehamn | Mats Gustafsson | | 15.2% | RoPS, MYPA | Tuomo Könönen | | 15.2% | Jokerit, TamU, Haka | Mika Nenonen | | 15.2% | Jazz, TamU | Matti Santahuhta | | 15.2% | TamU | Kari Sainio | | 14.4% | KooTeePee | Marko Tyyskä | | 14.4% | TPS, Jaro, JJK | Jukka-Pekka Tuomanen | | 14.4% | Jaro, Allianssi, TPS | Chris Cleaver | | 13.6% | VPS, Allianssi, Jaro, TPS | Jani Sarajärvi | | 13.6% | HJK | Petri Oravainen | | 13.6% | Jokerit, Jaro, KooTeePee, Honka | Roope Heilala | | 12.9% | Haka | Jani Kauppila | | 12.9% | Allianssi, MYPA | Heikki Pulkkinen | | 12.9% | FC Lahti, HJK | Ville Taulo | | 12.9% | TamU, Jaro | Toni Hevonkorpi | | 12.9% | KuPS | Jani Hartikainen | | 12.1% | Jaro | Jimmy Wargh | | 11.4% | Haka | Tommi Torkkeli | | 11.4% | Haka, FC Lahti | Michal Slawuta | | 11.4% | Jaro, IFK Mariehamn, MYPA | Antti Kuismala | | 11.4% | TamU | Pasi Salmela | | 11.4% | Jokerit, FC Lahti, Hämeenlinna, RoPS, VPS, JJK | Markus Paija | | 10.6% | Atlantis, Allianssi | Mikko Simula | | 10.6% | Atlantis, Allianssi, IFK Mariehamn | Justus Vajanne | | 9.8% | FC Lahti, Haka | Kalle Eerola | | 9.8% | TPS, FC Lahti, MYPA | Jani Tuomala | | 9.8% | Jazz, TamU, Jaro | Toni Junnila | | 9.1% | Jazz, TamU, MYPA | Vasile Marchis | | 7.6% | Kotkan TP, Jokerit, KuPS, Allianssi, FC Lahti | Janne Moilanen | | 6.8% | Jaro | Niklas Storbacka | | 6.1% | Atlantis, Allianssi, Viikingit | Pasi Solehmainen | | 6.1% | TPS, Jaro | Janne Vellamo | | 6.1% | Jazz, Jaro | Juha Luoma | | 5.3% | VPS | Toni Hahto | | 5.3% | Jazz, TamU | Jani Raukko | | 3.8% | TP-47, VPS, RoPS | Joonas Ikäläinen | | 3.8% |
|
Comments